000 01004cam a2200205 4500
001 WB3923-10
008 030618n2003 000 0 eng u
035 _a(Sirsi) u122658
245 _aProperty makes London pricey
260 _c2003
490 _aMercer Human Resources Press Release
_v 11 June 2003 (2)
520 _aThe cost of property in London has made the capital the 7th most expensive place to live in the world, according to Mercer Human Resources "World-wide cost of living survey 2003". Other European cities had risen within the rankings due to the strength of the euro. The survey, which covers 144 cities, compares the comparative cost of over 200 items, including housing, transportation, entertainment, food, clothing and household goods. http://www.mercerhr.com/pressrelease/details.jhtml/dynamic/idContent/1096495
590 _aWB
650 _aCOST OF LIVING
650 _aHOUSING COSTS
650 _aHOUSE PRICES
650 _aLONDON
690 _aHOUSING
942 _n0
999 _c72884
_d72884